LEADER 01697nam 2200397Ia 450 001 996387729703316 005 20200824132836.0 035 $a(CKB)4940000000086630 035 $a(EEBO)2264178227 035 $a(OCoLC)ocm47682876e 035 $a(OCoLC)47682876 035 $a(EXLCZ)994940000000086630 100 $a20010731d1660 uy 0 101 0 $aeng 135 $aurbn||||a|bb| 200 14$aThe confession of faith, and The larger and shorter catechism$b[electronic resource] $efirst agreed upon by the Westminster Assembly of Divines at Westminster. And now approved by the General Assembly of the Kirk of Scotland, to be a part of uniformity in religion between the kirks of Christ in the three kingdomes 210 $aEdinburgh, $cPrinted by Printed by Evan Tyler ...$d1660 215 $a196, [59] p 300 $a"The larger catechism" has special t.p. 300 $aIncludes: "The summe of saving knowledge" ([59] p. at end) with special t.p.; register is continuous. 300 $aContains marginal notes. 300 $aImperfect: stained, and cropped, with loss of text. 300 $aReproduction of original in: Christ Church (University of Oxford). Library. 330 $aeebo-0026 606 $aPresbyterianism$vEarly works to 1800 615 0$aPresbyterianism 701 2$aDickson$b David$f1583?-1663.$01001956 712 02$aChurch of Scotland.$bGeneral Assembly. 712 12$aWestminster Assembly$f(1643-1652). 712 12$aWestminster Assembly$f(1643-1652). 801 0$bEAE 801 1$bEAE 906 $aBOOK 912 $a996387729703316 996 $aThe confession of faith, and the larger and shorter catechism$92351959 997 $aUNISA LEADER 07808nam 22008895 450 001 996465394603316 005 20211014004059.0 010 $a3-540-77296-0 024 7 $a10.1007/978-3-540-77296-5 035 $a(CKB)1000000000491100 035 $a(SSID)ssj0000315658 035 $a(PQKBManifestationID)11233406 035 $a(PQKBTitleCode)TC0000315658 035 $a(PQKBWorkID)10254468 035 $a(PQKB)11616915 035 $a(DE-He213)978-3-540-77296-5 035 $a(MiAaPQ)EBC6281006 035 $a(MiAaPQ)EBC4976390 035 $a(Au-PeEL)EBL4976390 035 $a(CaONFJC)MIL134275 035 $a(OCoLC)1024246616 035 $a(PPN)123731755 035 $a(EXLCZ)991000000000491100 100 $a20100301d2007 u| 0 101 0 $aeng 135 $aurnn#008mamaa 181 $ctxt$2rdacontent 182 $cc$2rdamedia 183 $acr$2rdacarrier 200 10$a50 Years of Artificial Intelligence$b[electronic resource] $eEssays Dedicated to the 50th Anniversary of Artificial Intelligence /$fedited by Max Lungarella, Fumiya Iida, Josh Bongard, Rolf Pfeifer 205 $a1st ed. 2007. 210 1$aBerlin, Heidelberg :$cSpringer Berlin Heidelberg :$cImprint: Springer,$d2007. 215 $a1 online resource (X, 399 pages) 225 1 $aLecture Notes in Artificial Intelligence ;$v4850 300 $aBibliographic Level Mode of Issuance: Monograph 311 $a3-540-77295-2 320 $aIncludes bibliographical references and index. 327 $aHistorical and Philosophical Issues -- AI in the 21st Century ? With Historical Reflections -- The Physical Symbol System Hypothesis: Status and Prospects -- Fifty Years of AI: From Symbols to Embodiment - and Back -- 2006: Celebrating 75 Years of AI - History and Outlook: The Next 25 Years -- Evolutionary Humanoid Robotics: Past, Present and Future -- Philosophical Foundations of AI -- On the Role of AI in the Ongoing Paradigm Shift within the Cognitive Sciences -- Information Theory and Quantification -- On the Information Theoretic Implications of Embodiment ? Principles and Methods -- Development Via Information Self-structuring of Sensorimotor Experience and Interaction -- How Information and Embodiment Shape Intelligent Information Processing -- Preliminary Considerations for a Quantitative Theory of Networked Embodied Intelligence -- A Quantitative Investigation into Distribution of Memory and Learning in Multi Agent Systems with Implicit Communications -- Morphology and Dynamics -- AI in Locomotion: Challenges and Perspectives of Underactuated Robots -- On the Task Distribution Between Control and Mechanical Systems -- Bacteria Integrated Swimming Microrobots -- Adaptive Multi-modal Sensors -- Neurorobotics -- What Can AI Get from Neuroscience? -- Dynamical Systems in the Sensorimotor Loop: On the Interrelation Between Internal and External Mechanisms of Evolved Robot Behavior -- Adaptive Behavior Control with Self-regulating Neurons -- Brain Area V6A: A Cognitive Model for an Embodied Artificial Intelligence -- The Man-Machine Interaction: The Influence of Artificial Intelligence on Rehabilitation Robotics -- Machine Intelligence, Cognition, and Natural Language Processing -- Tests of Machine Intelligence -- A Hierarchical Concept Oriented Representation for Spatial Cognition in Mobile Robots -- Anticipation and Future-Oriented Capabilities in Natural and Artificial Cognition -- Computer-Supported Human-Human Multilingual Communication -- Human-Like Intelligence: Motivation, Emotions, and Consciousness -- A Paradigm Shift in Artificial Intelligence: Why Social Intelligence Matters in the Design and Development of Robots with Human-Like Intelligence -- Intrinsically Motivated Machines -- Curious and Creative Machines -- Applying Data Fusion in a Rational Decision Making with Emotional Regulation -- How to Build Consciousness into a Robot: The Sensorimotor Approach -- Robot Platforms -- A Human-Like Robot Torso ZAR5 with Fluidic Muscles: Toward a Common Platform for Embodied AI -- The iCub Cognitive Humanoid Robot: An Open-System Research Platform for Enactive Cognition -- Intelligent Mobile Manipulators in Industrial Applications: Experiences and Challenges -- Art and AI -- The Dynamic Darwinian Diorama: A Landlocked Archipelago Enhances Epistemology. 330 $aThis Festschrift volume, published in celebration of the 50th Anniversary of Artificial Intelligence, includes 34 refereed papers written by leading researchers in the field of Artificial Intelligence. The papers were carefully selected from the invited lectures given at the 50th Anniversary Summit of AI, held at the Centro Stefano Franscini, Monte VeritA, Ascona, Switzerland, July 9-14, 2006. The summit provided a venue for discussions on historical, business, political and educational perspectives of AI; scientific exchange on the state of the art; speculations about the future; contributions by researchers from different but related areas; presentations of the latest research by top scientists in the field; as well as many informal discussions among the participants and visitors. The selected papers reflect the breadth of the topics presented and discussed at the summit, covering subjects ranging from the history and prospects of AI, to speech recognition and processing, linguistics, bionics, and consciousness. The papers are organized in topical sections on Historical and Philosophical Issues; Information Theory and Quantification; Morphology and Dynamics; Neurorobotics; Machine Intelligence, Cognition, and Natural Language Processing; Human-Like Intelligence: Motivation, Emotions, and Consciousness; Robot Platforms; and Art and AI. 410 0$aLecture Notes in Artificial Intelligence ;$v4850 517 3 $aFifty years of artificial intelligence:$eessays dedicated to the fiftieth anniversary of artificial intelligence. 606 $aArtificial intelligence 606 $aSoftware engineering 606 $aComputers 606 $aData mining 606 $aComputer simulation 606 $aPattern recognition 606 $aArtificial Intelligence$3https://scigraph.springernature.com/ontologies/product-market-codes/I21000 606 $aSoftware Engineering$3https://scigraph.springernature.com/ontologies/product-market-codes/I14029 606 $aComputation by Abstract Devices$3https://scigraph.springernature.com/ontologies/product-market-codes/I16013 606 $aData Mining and Knowledge Discovery$3https://scigraph.springernature.com/ontologies/product-market-codes/I18030 606 $aSimulation and Modeling$3https://scigraph.springernature.com/ontologies/product-market-codes/I19000 606 $aPattern Recognition$3https://scigraph.springernature.com/ontologies/product-market-codes/I2203X 615 0$aArtificial intelligence. 615 0$aSoftware engineering. 615 0$aComputers. 615 0$aData mining. 615 0$aComputer simulation. 615 0$aPattern recognition. 615 14$aArtificial Intelligence. 615 24$aSoftware Engineering. 615 24$aComputation by Abstract Devices. 615 24$aData Mining and Knowledge Discovery. 615 24$aSimulation and Modeling. 615 24$aPattern Recognition. 676 $a006.3 702 $aLungarella$b Max$4edt$4http://id.loc.gov/vocabulary/relators/edt 702 $aIida$b Fumiya$4edt$4http://id.loc.gov/vocabulary/relators/edt 702 $aBongard$b Josh$4edt$4http://id.loc.gov/vocabulary/relators/edt 702 $aPfeifer$b Rolf$4edt$4http://id.loc.gov/vocabulary/relators/edt 801 0$bMiAaPQ 801 1$bMiAaPQ 801 2$bMiAaPQ 906 $aBOOK 912 $a996465394603316 996 $a50 Years of Artificial Intelligence$9772703 997 $aUNISA